000 00545nam a2200181 4500
001 132716
003 ES-MaACL
005 20231228062701.0
007 t|
008 070214s1951 mx r ||||1| spa d
100 1 _aRos, Antonio.
_999565
245 1 0 _aManual de Neurología ocular /
_cAntonio Ros ; prólogo del Dr. Gregorio Marañón.
260 _aMéxico :
_b[s. n.],
_c1951 (
_fGalas)
300 _a149 p. ;
_c19 cm.
700 1 _aMarañón, Gregorio,
_d1887-1960
_976311
852 _aES-MaACL
_jD-5774
_bR.30982
999 _c132716
_d132716